Cómo investigar en psicología: introducción a las técnicas operativas
Պահպանված է:
| Հիմնական հեղինակ: | |
|---|---|
| Ձևաչափ: | Գիրք |
| Լեզու: | իսպաներեն |
| Հրապարակվել է: |
Madrid
Morata
1981
|
| Հրատարակություն: | 2a. ed |
| Շարք: | Colección psicología
|
| Խորագրեր: | |
| Ցուցիչներ: |
Ավելացրեք ցուցիչ
Չկան պիտակներ, Եղեք առաջինը, ով նշում է այս գրառումը!
|
MARC
| LEADER | 00000nam a2200000 a 4500 | ||
|---|---|---|---|
| 001 | UCY6051 | ||
| 003 | CL-VaPUC | ||
| 008 | 950521e19810000SP |||||||||||||||||spa|d | ||
| 082 | 0 | 4 | |a 150.724 |b BAC |2 21 |
| 100 | 0 | |a Bachrach, Arthur J |e author |9 335638 | |
| 245 | 1 | 0 | |a Cómo investigar en psicología: introducción a las técnicas operativas |
| 250 | |a 2a. ed | ||
| 300 | |a 207 p | ||
| 942 | |c BK | ||
| 945 | |d 19950521 00:00:00 |a mfernand | ||
| 260 | |a Madrid |b Morata |c 1981 | ||
| 650 | 7 | |a INVESTIGACION PSICOLOGICA |2 CL-VaPUC |9 309030 | |
| 650 | 0 | |a Pruebas psicológicas |9 307459 | |
| 650 | 7 | |a PSICOLOGIA EXPERIMENTAL |2 CL-VaPUC |9 309015 | |
| 650 | 0 | |a Psicometría |9 260694 | |
| 650 | 0 | |a Ética |9 255099 | |
| 650 | 0 | |a Investigación científica |9 259857 | |
| 650 | 0 | |a Científicos |9 262025 | |
| 583 | |a last modification |c 19950521 00:00:00 |k Rodrigo Vera | ||
| 490 | 0 | |a Colección psicología | |
| 999 | |c 233635 |d 233633 | ||
| 952 | |0 0 |1 0 |4 0 |6 150_724000000000000_BAC_1981 |7 0 |8 A |9 239287 |a BIBEDU |b BIBEDU |d 2019-11-18 |i 1505483 |o 150.724 BAC 1981 |p 1505483 |r 2019-11-18 |w 2019-11-18 |y BK |k EDU | ||
| 952 | |0 0 |1 0 |4 0 |6 150_724000000000000_BAC_1981 |7 0 |8 A |9 239288 |a BIBEDU |b BIBEDU |d 2019-11-18 |i 1607707 |o 150.724 BAC 1981 |p 1607707 |r 2019-11-18 |w 2019-11-18 |y BK |k EDU | ||